[Event "Titled Tuesday intern op 14th Jan Early"]
[Site "Chess.com INT"]
[Date "2025.01.14"]
[Round "10"]
[White "Vaganian, Rafael A"]
[Black "Poltorak, Sebastian"]
[Result "1-0"]
[WhiteElo "2449"]
[BlackElo "2395"]
[PlyCount "99"]
[EventDate "2025.01.14"]
[EventType "swiss (blitz)"]
[EventRounds "11"]
[EventCountry "USA"]
[SourceTitle "CB04_2025"]
[SourceDate "2025.01.22"]
[SourceVersion "1"]
[SourceVersionDate "2025.01.22"]
[SourceQuality "1"]

1. d4 d5 2. c4 e6 3. Nc3 Nf6 4. Nf3 Be7 5. Bf4 0-0 6. e3 b6 7. Be2 Bb7 8. cxd5 Nxd5 9. Nxd5 Bxd5 10. 0-0 Nd7 11. Nd2 Bb7 12. Bf3 Bxf3 13. Nxf3 c5 14. d5 exd5 15. Qxd5 Nf6 16. Qb3 Qd5 17. Rfd1 Qxb3 18. axb3 Rad8 19. Ne5 Rxd1+ 20. Rxd1 Rc8 21. Kf1 Kf8 22. Ke2 Ke8 23. f3 h6 24. e4 Nh5 25. Be3 Bf6 26. Nc4 Be7 27. e5 g5 28. g4 Ng7 29. f4 gxf4 30. Bxf4 Ne6 31. Bxh6 Nd4+ 32. Ke3 b5 33. Nd6+ Bxd6 34. exd6 Kd7 35. b4 Nc2+ 36. Ke4 Nxb4 37. Bf4 Rh8 38. Kf5 c4 39. Re1 Nd5 40. Bg3 b4 41. Re5 Kc6 42. Ke4 Nb6 43. Kd4 Rd8 44. Rc5+ Kb7 45. Rc7+ Ka6 46. Rxf7 c3 47. bxc3 b3 48. Rf1 Na4 49. Ra1 Kb5 50. c4+ 1-0

[Event "Titled Tuesday intern op 24th Sep Late"]
[Site "Chess.com INT"]
[Date "2024.09.24"]
[Round "2"]
[White "Poltorak, Sebastian"]
[Black "Dudin, Gleb"]
[Result "0-1"]
[WhiteElo "2381"]
[BlackElo "2545"]
[PlyCount "66"]
[EventDate "2024.09.24"]
[EventType "swiss (blitz)"]
[EventRounds "11"]
[EventCountry "USA"]
[SourceTitle "EXT 2025"]
[Source "ChessBase"]
[SourceDate "2024.10.14"]
[SourceVersion "1"]
[SourceVersionDate "2024.10.14"]
[SourceQuality "1"]

1. e4 c5 2. Nc3 e6 3. d4 cxd4 4. Qxd4 Nc6 5. Qe3 a6 6. Nf3 b5 7. Bd2 Bb7 8. 0-0-0 Rc8 9. Kb1 Nf6 10. Nd5 Ng4 11. Qe1 Bc5 12. Ne3 Nf6 13. e5 Ne4 14. Bc1 0-0 15. Ng4 Nb4 16. c3 Nd5 17. Bd3 f5 18. exf6 Nexf6 19. h3 Qc7 20. Ng5 h6 21. Ne4 Be7 22. Ngxf6+ Nxf6 23. Nxf6+ Bxf6 24. Be4 d5 25. Bc2 Rfe8 26. Be3 e5 27. Qd2 d4 28. Bb3+ Kh8 29. cxd4 exd4 30. Bxd4 Be4+ 31. Ka1 Red8 32. Qc3 Bxd4 33. Rxd4 Rxd4 0-1

[Event "Titled Tuesday intern op 24th Sep Early"]
[Site "Chess.com INT"]
[Date "2024.09.24"]
[Round "1"]
[White "Serra Canals, Oriol"]
[Black "Poltorak, Sebastian"]
[Result "0-1"]
[WhiteElo "2118"]
[BlackElo "2381"]
[PlyCount "72"]
[EventDate "2024.09.24"]
[EventType "swiss (blitz)"]
[EventRounds "11"]
[EventCountry "USA"]
[SourceTitle "EXT 2025"]
[Source "ChessBase"]
[SourceDate "2024.10.14"]
[SourceVersion "1"]
[SourceVersionDate "2024.10.14"]
[SourceQuality "1"]

1. d4 Nf6 2. Bf4 b6 3. e3 Bb7 4. Nf3 Nh5 5. Bg5 h6 6. Bh4 g5 7. Bg3 Nxg3 8. hxg3 Bg7 9. c3 d6 10. Nbd2 Nd7 11. Qa4 e6 12. e4 Qe7 13. Bd3 0-0 14. Qd1 Rae8 15. Qe2 c5 16. 0-0-0 cxd4 17. cxd4 Rc8+ 18. Kb1 e5 19. d5 Nc5 20. Nf1 Nxd3 21. Qxd3 Rc5 22. Ne3 Rfc8 23. Nf5 Qc7 24. a3 Rc2 25. Nh2 Rxf2 26. Ng4 Ba6 27. Qb3 Rxg2 28. Rc1 Qd8 29. Rxc8 Bxc8 30. Rc1 Bxf5 31. exf5 h5 32. Ne3 Re2 33. Nc4 Qf6 34. Qb5 e4 35. Nxb6 Rxb2+ 36. Qxb2 Qxb2# 0-1

[Event "Titled Tuesday intern op 20th Aug Late"]
[Site "Chess.com INT"]
[Date "2024.08.20"]
[Round "2"]
[White "Can, Melih Kaan"]
[Black "Poltorak, Sebastian"]
[Result "1-0"]
[WhiteElo "2164"]
[BlackElo "2397"]
[PlyCount "175"]
[EventDate "2024.08.20"]
[EventType "swiss (blitz)"]
[EventRounds "11"]
[EventCountry "USA"]
[SourceTitle "EXT 2025"]
[Source "ChessBase"]
[SourceDate "2024.10.14"]
[SourceVersion "1"]
[SourceVersionDate "2024.10.14"]
[SourceQuality "1"]

1. e4 c6 2. Nc3 d5 3. Nf3 dxe4 4. Nxe4 Nf6 5. Qe2 Nxe4 6. Qxe4 Bd7 7. Bc4 e6 8. d4 Be7 9. Ne5 Na6 10. Bd2 Nc7 11. 0-0 Nd5 12. Bd3 Qc7 13. c4 Nf6 14. Qe2 0-0 15. Bf4 Qd8 16. Rad1 Rc8 17. Bb1 Re8 18. Rd3 g6 19. Rh3 c5 20. Rd1 cxd4 21. Rxd4 Qb6 22. Rxd7 Nxd7 23. Nxd7 Qd4 24. Qd2 Qxd2 25. Bxd2 Red8 26. Rd3 Rxc4 27. Ne5 Rcc8 28. Kf1 Bf6 29. f4 Kg7 30. Ke2 Rd5 31. Rxd5 exd5 32. Bc3 b5 33. a3 a6 34. Ba2 Rd8 35. Kd3 h5 36. Nc6 Rd6 37. Nd4 Rd8 38. g3 Re8 39. Nf3 Bxc3 40. bxc3 Rd8 41. Kd4 Kf6 42. Bxd5 a5 43. Ne5 Re8 44. Bc6 Rd8+ 45. Nd7+ Ke6 46. Bxb5 Kd6 47. c4 Kc7 48. a4 Re8 49. Ne5 Rd8+ 50. Ke4 Rd1 51. Nxf7 Kb6 52. Ne5 Kc5 53. Nxg6 Rd2 54. h3 Rg2 55. g4 hxg4 56. hxg4 Rxg4 57. Kf5 Rg1 58. Ne5 Kd6 59. Ke4 Re1+ 60. Kf5 Rg1 61. Nd3 Rd1 62. Nf2 Rf1 63. Ne4+ Kc7 64. c5 Rh1 65. c6 Rh5+ 66. Ng5 Rh8 67. Kg6 Rg8+ 68. Kf7 Rh8 69. f5 Rh5 70. Kg6 Rh8 71. f6 Kd6 72. Kg7 Rc8 73. f7 Ke7 74. Nh7 Kd6 75. f8Q+ Rxf8 76. Nxf8 Kc7 77. Ng6 Kd8 78. Nh4 Kc7 79. Ng2 Kd8 80. Kg6 Kc7 81. Kf5 Kd8 82. Ke5 Kc7 83. Kd5 Kb6 84. Kd6 Ka7 85. c7 Kb7 86. Kd7 Ka7 87. c8Q Kb6 88. Qc7# 1-0

[Event "Titled Tuesday intern op 13th Aug Early"]
[Site "Chess.com INT"]
[Date "2024.08.13"]
[Round "3"]
[White "Klimkowski, Jan"]
[Black "Poltorak, Sebastian"]
[Result "1-0"]
[WhiteElo "2508"]
[BlackElo "2397"]
[PlyCount "33"]
[EventDate "2024.08.13"]
[EventType "swiss (blitz)"]
[EventRounds "11"]
[EventCountry "USA"]
[SourceTitle "EXT 2025"]
[Source "ChessBase"]
[SourceDate "2024.10.14"]
[SourceVersion "1"]
[SourceVersionDate "2024.10.14"]
[SourceQuality "1"]

1. g3 c5 2. Bg2 Nc6 3. c4 e5 4. Nc3 g6 5. e3 Bg7 6. Nge2 Nge7 7. 0-0 0-0 8. Rb1 d6 9. a3 Be6 10. Nd5 Rb8 11. b4 b6 12. b5 Na5 13. Nxe7+ Qxe7 14. d3 Rbd8 15. Nc3 f5 16. Nd5 e4 17. Nxe7+ 1-0